[Event "Baku Chess Olympiad | Open"]
[Site "chess24.com"]
[Date "2016.09.12"]
[Round "10"]
[White "Forster, Richard"]
[Black "Karimov, Alisher"]
[Result "1/2-1/2"]
[Board "4"]
[WhiteID "1301764"]
[WhiteElo "2459"]
[WhiteTitle "IM"]
[WhiteCountry "SUI"]
[WhiteFideId "1301764"]
[WhiteEloChange "-4"]
[BlackID "14700280"]
[BlackElo "2119"]
[BlackCountry "TJK"]
[BlackFideId "14700280"]
[BlackEloChange "8"]

1. c4 {[%clk 1:30:51]} Nf6 {[%clk 1:30:48]} 2. g3 {[%clk 1:31:15]} c6 {[%clk
1:30:41]} 3. Bg2 {[%clk 1:31:05]} d5 {[%clk 1:31:01]} 4. Nf3 {[%clk 1:31:26]}
dxc4 {[%clk 1:30:07]} 5. O-O {[%clk 1:28:06]} g6 {[%clk 1:30:03]} 6. Na3 {[%clk
1:26:28]} Qd5 {[%clk 1:24:06]} 7. b3 {[%clk 1:19:41]} cxb3 {[%clk 1:23:39]} 8.
axb3 {[%clk 1:17:17]} Bg7 {[%clk 1:23:29]} 9. Nc4 {[%clk 1:15:43]} Qd8 {[%clk
1:20:30]} 10. Bb2 {[%clk 1:14:13]} O-O {[%clk 1:17:50]} 11. d3 {[%clk 1:00:04]}
Nbd7 {[%clk 1:12:21]} 12. Ra3 {[%clk 0:57:34]} Nc5 {[%clk 1:06:55]} 13. Bd4
{[%clk 0:46:43]} Nfd7 {[%clk 0:59:22]} 14. Bxg7 {[%clk 0:40:15]} Kxg7 {[%clk
0:59:00]} 15. b4 {[%clk 0:40:35]} Na6 {[%clk 0:57:05]} 16. Qa1+ {[%clk 0:39:42]}
Kg8 {[%clk 0:54:08]} 17. Rb1 {[%clk 0:38:04]} Nb6 {[%clk 0:48:57]} 18. b5 {[%clk
0:34:35]} cxb5 {[%clk 0:39:08]} 19. Rxb5 {[%clk 0:34:23]} Bd7 {[%clk 0:36:57]}
20. Rba5 {[%clk 0:25:26]} Nxc4 {[%clk 0:32:55]} 21. dxc4 {[%clk 0:25:54]} Bc6
{[%clk 0:32:04]} 22. h4 {[%clk 0:26:00]} Nb4 {[%clk 0:23:00]} 23. Qc1 {[%clk
0:21:14]} Qd6 {[%clk 0:19:21]} 24. h5 {[%clk 0:16:05]} Qf6 {[%clk 0:04:42]} 25.
Qb1 {[%clk 0:14:48]} Na6 {[%clk 0:04:36]} 26. Ne5 {[%clk 0:12:42]} Bxg2 {[%clk
0:04:59]} 27. Kxg2 {[%clk 0:13:00]} b6 {[%clk 0:04:12]} 28. Rd5 {[%clk 0:06:34]}
Nc7 {[%clk 0:02:55]} 29. Rf3 {[%clk 0:03:19]} Qe6 {[%clk 0:01:01]} 30. Qe4 {[%clk
0:03:48]} Nxd5 {[%clk 0:00:53]} 31. cxd5 {[%clk 0:04:17]} Qd6 {[%clk 0:01:12]}
32. Nc6 {[%clk 0:02:42]} e6 {[%clk 0:00:46]} 33. Rf6 {[%clk 0:01:28]} Rae8 {[%clk
0:00:57]} 34. dxe6 {[%clk 0:00:54]} Rxe6 {[%clk 0:01:00]} 35. Rxe6 {[%clk
0:01:07]} Qxe6 {[%clk 0:00:45]} 36. Ne7+ {[%clk 0:01:36]} Kg7 {[%clk 0:01:01]}
37. Qd4+ {[%clk 0:01:45]} f6 {[%clk 0:01:14]} 38. Nd5 {[%clk 0:02:04]} Qe5 {[%clk
0:01:00]} 39. Qc4 {[%clk 0:02:17]} b5 {[%clk 0:00:59]} 40. Qc6 {[%clk 0:32:25]}
Qxh5 {[%clk 0:30:45]} 41. Nf4 {[%clk 0:32:09]} Qh6 {[%clk 0:26:04]} 42. Ne6+
{[%clk 0:27:33]} Kg8 {[%clk 0:25:25]} 43. Qxb5 {[%clk 0:24:32]} g5 {[%clk
0:22:03]} 44. Qd7 {[%clk 0:20:10]} Qg6 {[%clk 0:15:03]} 45. Nxf8 {[%clk 0:18:49]}
Kxf8 {[%clk 0:14:51]} 46. Qxa7 {[%clk 0:18:42]} Qe4+ {[%clk 0:14:59]} 47. Kg1
{[%clk 0:18:46]} 1/2-1/2

[Event "Baku Chess Olympiad | Open"]
[Site "chess24.com"]
[Date "2016.09.12"]
[Round "10"]
[White "Baburin, Alexander"]
[Black "Ragger, Markus"]
[Result "1/2-1/2"]
[Board "1"]
[WhiteID "2500914"]
[WhiteElo "2487"]
[WhiteTitle "GM"]
[WhiteCountry "IRL"]
[WhiteFideId "2500914"]
[WhiteEloChange "3"]
[BlackID "1610856"]
[BlackElo "2697"]
[BlackTitle "GM"]
[BlackCountry "AUT"]
[BlackFideId "1610856"]
[BlackEloChange "-3"]

1. d4 {[%clk 1:30:56]} Nf6 {[%clk 1:30:58]} 2. c4 {[%clk 1:31:19]} g6 {[%clk
1:31:27]} 3. Nf3 {[%clk 1:31:43]} Bg7 {[%clk 1:31:54]} 4. g3 {[%clk 1:32:03]} c5
{[%clk 1:32:20]} 5. Bg2 {[%clk 1:32:15]} cxd4 {[%clk 1:32:39]} 6. Nxd4 {[%clk
1:29:46]} O-O {[%clk 1:33:05]} 7. O-O {[%clk 1:29:05]} Nc6 {[%clk 1:33:33]} 8.
Nc3 {[%clk 1:29:20]} d6 {[%clk 1:33:59]} 9. Nxc6 {[%clk 1:27:23]} bxc6 {[%clk
1:33:34]} 10. Bxc6 {[%clk 1:27:46]} Rb8 {[%clk 1:33:58]} 11. Bg2 {[%clk 1:24:52]}
Qa5 {[%clk 1:32:15]} 12. Nb5 {[%clk 1:14:40]} Bb7 {[%clk 1:31:30]} 13. Qe1 {[%clk
1:00:50]} Qa6 {[%clk 1:18:57]} 14. e4 {[%clk 0:58:51]} Bc6 {[%clk 1:04:40]} 15.
a4 {[%clk 0:50:33]} Qb7 {[%clk 1:00:49]} 16. Nc3 {[%clk 0:46:08]} Nd7 {[%clk
0:57:49]} 17. Rb1 {[%clk 0:39:21]} Qb3 {[%clk 0:54:10]} 18. Nd5 {[%clk 0:32:47]}
Bxd5 {[%clk 0:42:31]} 19. cxd5 {[%clk 0:30:30]} Nc5 {[%clk 0:42:58]} 20. Be3
{[%clk 0:29:23]} Rfc8 {[%clk 0:38:30]} 21. Qa5 {[%clk 0:24:30]} Qxa4 {[%clk
0:29:03]} 22. Qxa4 {[%clk 0:18:06]} Nxa4 {[%clk 0:28:29]} 23. Bxa7 {[%clk
0:18:29]} Rb7 {[%clk 0:25:36]} 24. Be3 {[%clk 0:18:48]} Bxb2 {[%clk 0:26:02]} 25.
Bd2 {[%clk 0:12:52]} Rc2 {[%clk 0:21:54]} 26. Rfd1 {[%clk 0:10:33]} Rb6 {[%clk
0:16:32]} 27. Bf1 {[%clk 0:08:22]} Bd4 {[%clk 0:15:53]} 28. Rxb6 {[%clk 0:08:34]}
Bxb6 {[%clk 0:16:08]} 29. Bd3 {[%clk 0:06:26]} Ra2 {[%clk 0:14:04]} 30. Bc4
{[%clk 0:05:23]} Rb2 {[%clk 0:14:23]} 31. Kf1 {[%clk 0:03:35]} Bd4 {[%clk
0:08:36]} 32. Be1 {[%clk 0:02:40]} Bc3 {[%clk 0:08:37]} 33. Bxc3 {[%clk 0:01:09]}
Nxc3 {[%clk 0:09:06]} 34. Re1 {[%clk 0:01:34]} Rb4 {[%clk 0:06:45]} 35. Bd3
{[%clk 0:01:59]} Rd4 {[%clk 0:07:14]} 36. Bc2 {[%clk 0:02:18]} Rd2 {[%clk
0:07:25]} 37. Bb3 {[%clk 0:02:25]} Kg7 {[%clk 0:07:36]} 38. Re3 {[%clk 0:02:34]}
Nb5 {[%clk 0:08:01]} 39. Bc4 {[%clk 0:01:51]} Nc7 {[%clk 0:07:32]} 40. Rc3 {[%clk
0:31:50]} Ne8 {[%clk 0:37:24]} 41. Be2 {[%clk 0:26:38]} Rb2 {[%clk 0:34:36]} 42.
f4 {[%clk 0:21:06]} Rb7 {[%clk 0:30:50]} 43. e5 {[%clk 0:18:48]} Nc7 {[%clk
0:30:35]} 44. exd6 {[%clk 0:18:11]} exd6 {[%clk 0:30:56]} 45. Rc6 {[%clk
0:18:15]} Ne8 {[%clk 0:30:28]} 46. Bf3 {[%clk 0:17:37]} Kf6 {[%clk 0:30:40]} 47.
Rc2 {[%clk 0:16:11]} h5 {[%clk 0:29:03]} 48. Kf2 {[%clk 0:15:38]} Rb4 {[%clk
0:28:14]} 49. Re2 {[%clk 0:09:46]} Ng7 {[%clk 0:28:15]} 50. Be4 {[%clk 0:09:56]}
Rb5 {[%clk 0:26:03]} 51. h3 {[%clk 0:08:59]} h4 {[%clk 0:22:44]} 52. g4 {[%clk
0:08:47]} g5 {[%clk 0:21:25]} 53. fxg5+ {[%clk 0:09:11]} Kxg5 {[%clk 0:21:47]}
54. Bg2 {[%clk 0:09:18]} Rb7 {[%clk 0:21:15]} 55. Re4 {[%clk 0:08:57]} Rb2+
{[%clk 0:21:05]} 56. Kg1 {[%clk 0:09:13]} Rb7 {[%clk 0:19:58]} 57. Kf2 {[%clk
0:09:35]} Rb2+ {[%clk 0:18:59]} 58. Kg1 {[%clk 0:10:02]} f5 {[%clk 0:13:35]} 59.
Re7 {[%clk 0:06:59]} Kf6 {[%clk 0:13:57]} 60. Rd7 {[%clk 0:07:17]} Ne8 {[%clk
0:13:27]} 61. gxf5 {[%clk 0:05:39]} Kxf5 {[%clk 0:13:22]} 62. Rd8 {[%clk
0:05:56]} Re2 {[%clk 0:13:08]} 63. Bf3 {[%clk 0:06:10]} Re7 {[%clk 0:12:57]} 64.
Kf2 {[%clk 0:06:02]} Ke5 {[%clk 0:13:16]} 65. Rb8 {[%clk 0:05:18]} Nf6 {[%clk
0:11:41]} 66. Rb4 {[%clk 0:05:40]} Rh7 {[%clk 0:12:09]} 67. Ra4 {[%clk 0:05:59]}
Rh8 {[%clk 0:12:22]} 68. Rb4 {[%clk 0:06:19]} Kf5 {[%clk 0:11:48]} 69. Bg4+
{[%clk 0:05:32]} Nxg4+ {[%clk 0:11:36]} 70. Rxg4 {[%clk 0:05:47]} Ke5 {[%clk
0:12:05]} 71. Ke3 {[%clk 0:05:58]} Kxd5 {[%clk 0:12:32]} 72. Kd3 {[%clk 0:06:05]}
Kc5 {[%clk 0:13:01]} 73. Rg5+ {[%clk 0:06:10]} d5 {[%clk 0:13:26]} 74. Rg4 {[%clk
0:06:33]} Rh5 {[%clk 0:13:45]} 75. Kc3 {[%clk 0:06:43]} Rf5 {[%clk 0:13:57]} 76.
Rxh4 {[%clk 0:06:59]} Rf3+ {[%clk 0:14:24]} 1/2-1/2

[Event "Baku Chess Olympiad | Open"]
[Site "chess24.com"]
[Date "2016.09.12"]
[Round "10"]
[White "Shengelia, David"]
[Black "Jessel, Stephen"]
[Result "1-0"]
[Board "2"]
[WhiteID "13601270"]
[WhiteElo "2573"]
[WhiteTitle "GM"]
[WhiteCountry "AUT"]
[WhiteFideId "13601270"]
[WhiteEloChange "2"]
[BlackID "628859"]
[BlackElo "2367"]
[BlackTitle "FM"]
[BlackCountry "IRL"]
[BlackFideId "628859"]
[BlackEloChange "-5"]

1. Nf3 {[%clk 1:30:57]} d5 {[%clk 1:30:48]} 2. g3 {[%clk 1:31:15]} Nc6 {[%clk
1:30:46]} 3. d4 {[%clk 1:31:31]} Bf5 {[%clk 1:30:57]} 4. Bg2 {[%clk 1:31:46]} Nb4
{[%clk 1:30:43]} 5. Na3 {[%clk 1:32:10]} e6 {[%clk 1:30:53]} 6. O-O {[%clk
1:32:28]} Nf6 {[%clk 1:30:40]} 7. c3 {[%clk 1:32:35]} Nc6 {[%clk 1:30:38]} 8. Qb3
{[%clk 1:32:35]} Rb8 {[%clk 1:30:13]} 9. Nh4 {[%clk 1:28:28]} Bg4 {[%clk
1:27:59]} 10. f3 {[%clk 1:27:33]} Bh5 {[%clk 1:28:20]} 11. e4 {[%clk 1:23:58]} h6
{[%clk 1:19:55]} 12. exd5 {[%clk 1:10:18]} Nxd5 {[%clk 1:11:31]} 13. f4 {[%clk
1:10:30]} Be7 {[%clk 1:04:37]} 14. Nf5 {[%clk 1:09:53]} Bf6 {[%clk 0:56:58]} 15.
Ne3 {[%clk 1:08:17]} Nxe3 {[%clk 0:51:53]} 16. Bxe3 {[%clk 1:08:43]} O-O {[%clk
0:50:20]} 17. Nc4 {[%clk 1:08:45]} b5 {[%clk 0:30:53]} 18. Ne5 {[%clk 1:06:24]}
Na5 {[%clk 0:26:12]} 19. Qa3 {[%clk 1:01:39]} Nc4 {[%clk 0:25:36]} 20. Nxc4
{[%clk 1:02:04]} bxc4 {[%clk 0:25:56]} 21. Rf2 {[%clk 1:02:21]} Qd6 {[%clk
0:15:09]} 22. Qxa7 {[%clk 1:01:42]} Rb6 {[%clk 0:12:06]} 23. Qa4 {[%clk 0:58:01]}
Rfb8 {[%clk 0:10:39]} 24. Qxc4 {[%clk 0:57:45]} Rxb2 {[%clk 0:09:51]} 25. a4
{[%clk 0:57:51]} Rxf2 {[%clk 0:04:46]} 26. Bxf2 {[%clk 0:58:11]} Rb2 {[%clk
0:04:59]} 27. a5 {[%clk 0:56:58]} Be2 {[%clk 0:04:43]} 28. Qc6 {[%clk 0:57:04]}
Qxc6 {[%clk 0:01:34]} 29. Bxc6 {[%clk 0:57:31]} Ba6 {[%clk 0:01:58]} 30. Bg2
{[%clk 0:55:33]} c5 {[%clk 0:00:45]} 31. Bf1 {[%clk 0:41:26]} c4 {[%clk 0:01:01]}
32. Ra4 {[%clk 0:39:55]} Bd8 {[%clk 0:00:34]} 33. Rb4 {[%clk 0:38:01]} Rxb4
{[%clk 0:00:40]} 34. cxb4 {[%clk 0:38:28]} Kf8 {[%clk 0:00:32]} 35. Be1 {[%clk
0:38:25]} Ke7 {[%clk 0:00:36]} 36. Kf2 {[%clk 0:38:47]} Kd6 {[%clk 0:00:51]} 37.
Bg2 {[%clk 0:39:11]} Bb5 {[%clk 0:00:32]} 38. Ke3 {[%clk 0:38:43]} f5 {[%clk
0:00:33]} 39. Bc3 {[%clk 0:28:20]} Bf6 {[%clk 0:00:51]} 40. Kd2 {[%clk 0:58:46]}
Ba6 {[%clk 0:30:34]} 41. h4 {[%clk 0:52:33]} Bb5 {[%clk 0:21:36]} 42. h5 {[%clk
0:52:23]} Ba6 {[%clk 0:18:17]} 43. b5 {[%clk 0:48:58]} Bxb5 {[%clk 0:17:45]} 44.
Bb4+ {[%clk 0:49:26]} Kc7 {[%clk 0:08:28]} 45. Kc3 {[%clk 0:49:50]} Bd8 {[%clk
0:04:41]} 46. Bf1 {[%clk 0:47:14]} Be8 {[%clk 0:03:56]} 47. Bxc4 {[%clk 0:46:24]}
Bxh5 {[%clk 0:03:40]} 48. Bxe6 {[%clk 0:46:47]} Bf3 {[%clk 0:02:46]} 49. Bxf5
{[%clk 0:45:25]} Kc6 {[%clk 0:02:52]} 50. Bg6 {[%clk 0:44:23]} h5 {[%clk
0:02:27]} 51. Be8+ {[%clk 0:44:45]} Kb7 {[%clk 0:02:10]} 52. Kc4 {[%clk 0:43:17]}
Be2+ {[%clk 0:01:44]} 53. Kd5 {[%clk 0:43:21]} Bf3+ {[%clk 0:01:08]} 54. Ke6
{[%clk 0:43:40]} Bg4+ {[%clk 0:00:53]} 55. f5 {[%clk 0:40:28]} g5 {[%clk
0:00:31]} 56. d5 {[%clk 0:38:44]} h4 {[%clk 0:00:45]} 57. Bc6+ {[%clk 0:39:12]}
Ka6 {[%clk 0:00:48]} 58. gxh4 {[%clk 0:39:29]} gxh4 {[%clk 0:01:13]} 59. d6
{[%clk 0:39:53]} h3 {[%clk 0:00:54]} 60. Ke5 {[%clk 0:39:59]} Be2 {[%clk
0:00:56]} 61. f6 {[%clk 0:39:10]} Bc4 {[%clk 0:01:15]} 62. Bc3 {[%clk 0:39:05]}
Bb5 {[%clk 0:00:36]} 63. Bd5 {[%clk 0:39:04]} 1-0

[Event "Baku Chess Olympiad | Open"]
[Site "chess24.com"]
[Date "2016.09.12"]
[Round "10"]
[White "O`Donnell, Conor"]
[Black "Kreisl, Robert"]
[Result "1/2-1/2"]
[Board "3"]
[WhiteID "2504243"]
[WhiteElo "2343"]
[WhiteTitle "FM"]
[WhiteCountry "IRL"]
[WhiteFideId "2504243"]
[WhiteEloChange "3"]
[BlackID "1613880"]
[BlackElo "2448"]
[BlackTitle "IM"]
[BlackCountry "AUT"]
[BlackFideId "1613880"]
[BlackEloChange "-1"]

1. d4 {[%clk 1:30:57]} Nf6 {[%clk 1:30:55]} 2. c4 {[%clk 1:31:21]} g6 {[%clk
1:31:22]} 3. g3 {[%clk 1:31:44]} Bg7 {[%clk 1:31:43]} 4. Bg2 {[%clk 1:32:07]} d5
{[%clk 1:32:08]} 5. cxd5 {[%clk 1:32:27]} Nxd5 {[%clk 1:32:34]} 6. e4 {[%clk
1:32:43]} Nb6 {[%clk 1:32:59]} 7. Ne2 {[%clk 1:33:06]} c5 {[%clk 1:33:01]} 8. d5
{[%clk 1:33:23]} e6 {[%clk 1:33:18]} 9. O-O {[%clk 1:33:37]} O-O {[%clk 1:33:40]}
10. Nec3 {[%clk 1:33:33]} Na6 {[%clk 1:34:01]} 11. Na3 {[%clk 1:33:35]} exd5
{[%clk 1:33:16]} 12. exd5 {[%clk 1:33:53]} Bf5 {[%clk 1:33:30]} 13. Be3 {[%clk
1:34:05]} Qd7 {[%clk 1:28:08]} 14. Qb3 {[%clk 1:34:03]} Bh3 {[%clk 1:12:24]} 15.
Bxh3 {[%clk 1:33:20]} Qxh3 {[%clk 1:08:36]} 16. Nc4 {[%clk 1:27:44]} Nxc4 {[%clk
0:59:49]} 17. Qxc4 {[%clk 1:28:08]} Rad8 {[%clk 0:44:49]} 18. Rad1 {[%clk
1:14:35]} Rfe8 {[%clk 0:42:01]} 19. Rfe1 {[%clk 1:06:01]} Re5 {[%clk 0:37:31]}
20. f4 {[%clk 1:02:38]} Ree8 {[%clk 0:31:03]} 21. b3 {[%clk 0:55:45]} b6 {[%clk
0:18:18]} 22. Nb5 {[%clk 0:55:38]} Qd7 {[%clk 0:18:07]} 23. d6 {[%clk 0:51:32]}
Nb4 {[%clk 0:14:46]} 24. Nc7 {[%clk 0:32:50]} Rf8 {[%clk 0:15:06]} 25. a3 {[%clk
0:28:41]} Nc6 {[%clk 0:15:23]} 26. Rd5 {[%clk 0:25:37]} Nd4 {[%clk 0:07:07]} 27.
Rd1 {[%clk 0:24:19]} Nf5 {[%clk 0:04:22]} 28. Bf2 {[%clk 0:11:54]} Nxd6 {[%clk
0:04:20]} 29. Nb5 {[%clk 0:11:32]} Nxc4 {[%clk 0:03:56]} 30. Rxd7 {[%clk
0:11:55]} Rxd7 {[%clk 0:04:23]} 31. Rxd7 {[%clk 0:12:20]} Na5 {[%clk 0:04:42]}
32. b4 {[%clk 0:11:43]} cxb4 {[%clk 0:04:55]} 33. axb4 {[%clk 0:12:08]} Nc6
{[%clk 0:05:00]} 34. Nxa7 {[%clk 0:12:03]} Nxb4 {[%clk 0:05:01]} 35. Bxb6 {[%clk
0:11:40]} Re8 {[%clk 0:02:38]} 1/2-1/2

[Event "Baku Chess Olympiad | Open"]
[Site "chess24.com"]
[Date "2016.09.12"]
[Round "10"]
[White "Dragnev, Valentin"]
[Black "Daly, Colm"]
[Result "1-0"]
[Board "4"]
[WhiteID "1634852"]
[WhiteElo "2430"]
[WhiteTitle "IM"]
[WhiteCountry "AUT"]
[WhiteFideId "1634852"]
[WhiteEloChange "4"]
[BlackID "2500434"]
[BlackElo "2328"]
[BlackTitle "FM"]
[BlackCountry "IRL"]
[BlackFideId "2500434"]
[BlackEloChange "-7"]

1. e4 {[%clk 1:30:58]} e6 {[%clk 1:30:07]} 2. d4 {[%clk 1:31:19]} d5 {[%clk
1:30:35]} 3. Nd2 {[%clk 1:31:43]} Nf6 {[%clk 1:31:02]} 4. e5 {[%clk 1:32:10]}
Nfd7 {[%clk 1:31:28]} 5. Bd3 {[%clk 1:32:36]} c5 {[%clk 1:31:50]} 6. c3 {[%clk
1:33:03]} Nc6 {[%clk 1:32:13]} 7. Ne2 {[%clk 1:33:28]} a5 {[%clk 1:32:24]} 8. O-O
{[%clk 1:33:24]} a4 {[%clk 1:32:27]} 9. a3 {[%clk 1:25:20]} cxd4 {[%clk 1:32:21]}
10. cxd4 {[%clk 1:25:44]} Nb6 {[%clk 1:32:45]} 11. Nf3 {[%clk 1:23:20]} Be7
{[%clk 1:33:08]} 12. Nc3 {[%clk 1:22:42]} Bd7 {[%clk 1:32:52]} 13. Bc2 {[%clk
1:19:23]} Na5 {[%clk 1:08:38]} 14. Nxa4 {[%clk 1:10:36]} Nxa4 {[%clk 1:04:34]}
15. Bxa4 {[%clk 1:10:59]} Bxa4 {[%clk 1:05:00]} 16. Qxa4+ {[%clk 1:11:21]} Qd7
{[%clk 1:05:26]} 17. Qd1 {[%clk 1:10:51]} Qb5 {[%clk 1:05:46]} 18. Bd2 {[%clk
1:07:29]} Nb3 {[%clk 0:58:03]} 19. Rb1 {[%clk 1:06:41]} Qc4 {[%clk 0:53:41]} 20.
Bc3 {[%clk 1:01:28]} O-O {[%clk 0:54:04]} 21. Ne1 {[%clk 0:57:26]} Rfc8 {[%clk
0:51:43]} 22. Nc2 {[%clk 0:54:05]} b5 {[%clk 0:49:16]} 23. f4 {[%clk 0:44:27]}
Bd8 {[%clk 0:42:12]} 24. f5 {[%clk 0:33:23]} Bb6 {[%clk 0:36:22]} 25. f6 {[%clk
0:28:20]} g6 {[%clk 0:23:39]} 26. Qg4 {[%clk 0:23:23]} h5 {[%clk 0:13:10]} 27.
Qg5 {[%clk 0:16:09]} Nxd4 {[%clk 0:07:40]} 28. Kh1 {[%clk 0:15:36]} Kh7 {[%clk
0:04:59]} 29. Bd2 {[%clk 0:15:42]} 1-0

[Event "Baku Chess Olympiad | Open"]
[Site "chess24.com"]
[Date "2016.09.12"]
[Round "10"]
[White "Arenas, David"]
[Black "Atabayev, Maksat"]
[Result "0-1"]
[Board "1"]
[WhiteID "4403177"]
[WhiteElo "2490"]
[WhiteTitle "IM"]
[WhiteCountry "COL"]
[WhiteFideId "4403177"]
[WhiteEloChange "-5"]
[BlackID "14001101"]
[BlackElo "2485"]
[BlackTitle "GM"]
[BlackCountry "TKM"]
[BlackFideId "14001101"]
[BlackEloChange "5"]

1. e4 {[%clk 1:30:49]} c5 {[%clk 1:30:39]} 2. Nf3 {[%clk 1:31:09]} Nc6 {[%clk
1:31:06]} 3. d4 {[%clk 1:31:29]} cxd4 {[%clk 1:31:28]} 4. Nxd4 {[%clk 1:31:54]}
g6 {[%clk 1:31:21]} 5. c4 {[%clk 1:32:09]} Nf6 {[%clk 1:30:23]} 6. Nc3 {[%clk
1:32:33]} Nxd4 {[%clk 1:30:47]} 7. Qxd4 {[%clk 1:32:49]} d6 {[%clk 1:31:17]} 8.
Be3 {[%clk 1:30:33]} Bg7 {[%clk 1:31:41]} 9. f3 {[%clk 1:30:49]} O-O {[%clk
1:32:03]} 10. Qd2 {[%clk 1:31:13]} Be6 {[%clk 1:31:41]} 11. Rc1 {[%clk 1:30:33]}
Qa5 {[%clk 1:28:14]} 12. Be2 {[%clk 1:24:17]} Rfc8 {[%clk 1:26:45]} 13. Nd5
{[%clk 1:17:41]} Qxd2+ {[%clk 1:16:59]} 14. Kxd2 {[%clk 1:18:04]} Kf8 {[%clk
1:13:15]} 15. Nf4 {[%clk 1:11:52]} Nd7 {[%clk 1:10:16]} 16. Rc2 {[%clk 1:05:56]}
a5 {[%clk 1:08:28]} 17. b3 {[%clk 1:04:36]} Nc5 {[%clk 1:01:58]} 18. h4 {[%clk
1:02:17]} h6 {[%clk 0:57:36]} 19. g3 {[%clk 0:58:27]} Bd7 {[%clk 0:57:35]} 20.
Rd1 {[%clk 0:53:47]} e6 {[%clk 0:42:27]} 21. Kc1 {[%clk 0:46:37]} Ke7 {[%clk
0:33:51]} 22. Kb1 {[%clk 0:44:02]} Bc6 {[%clk 0:29:31]} 23. Rcd2 {[%clk 0:35:20]}
Be5 {[%clk 0:28:59]} 24. Bd4 {[%clk 0:34:21]} Bxd4 {[%clk 0:25:37]} 25. Rxd4
{[%clk 0:34:47]} g5 {[%clk 0:24:07]} 26. Nh5 {[%clk 0:29:58]} Ra6 {[%clk
0:22:32]} 27. Ka1 {[%clk 0:26:04]} Bd7 {[%clk 0:22:08]} 28. f4 {[%clk 0:17:51]}
f6 {[%clk 0:22:01]} 29. hxg5 {[%clk 0:12:31]} hxg5 {[%clk 0:21:40]} 30. fxg5
{[%clk 0:12:24]} fxg5 {[%clk 0:21:58]} 31. e5 {[%clk 0:12:51]} dxe5 {[%clk
0:22:13]} 32. Rg4 {[%clk 0:13:12]} Rg8 {[%clk 0:22:01]} 33. Rf1 {[%clk 0:13:08]}
Rd6 {[%clk 0:20:54]} 34. Nf6 {[%clk 0:13:14]} Rf8 {[%clk 0:21:14]} 35. Nxd7
{[%clk 0:04:40]} Rxf1+ {[%clk 0:21:32]} 36. Bxf1 {[%clk 0:05:09]} Rxd7 {[%clk
0:21:50]} 37. Be2 {[%clk 0:04:50]} Kf6 {[%clk 0:21:49]} 38. Bf3 {[%clk 0:04:07]}
Kf5 {[%clk 0:21:28]} 0-1

[Event "Baku Chess Olympiad | Open"]
[Site "chess24.com"]
[Date "2016.09.12"]
[Round "10"]
[White "Atabayev, Yusup"]
[Black "Rios, Cristhian Camilo"]
[Result "1-0"]
[Board "2"]
[WhiteID "14001128"]
[WhiteElo "2453"]
[WhiteTitle "IM"]
[WhiteCountry "TKM"]
[WhiteFideId "14001128"]
[WhiteEloChange "6"]
[BlackID "4403940"]
[BlackElo "2489"]
[BlackTitle "IM"]
[BlackCountry "COL"]
[BlackFideId "4403940"]
[BlackEloChange "-6"]

1. e4 {[%clk 1:30:56]} c5 {[%clk 1:30:42]} 2. c3 {[%clk 1:31:21]} Nf6 {[%clk
1:27:28]} 3. e5 {[%clk 1:30:43]} Nd5 {[%clk 1:27:50]} 4. Nf3 {[%clk 1:31:06]} Nc6
{[%clk 1:25:42]} 5. d4 {[%clk 1:31:21]} cxd4 {[%clk 1:24:54]} 6. cxd4 {[%clk
1:30:55]} d6 {[%clk 1:25:18]} 7. Bc4 {[%clk 1:31:16]} dxe5 {[%clk 1:25:41]} 8.
dxe5 {[%clk 1:31:23]} Ndb4 {[%clk 1:23:31]} 9. Qb3 {[%clk 1:27:25]} e6 {[%clk
1:21:52]} 10. O-O {[%clk 1:27:18]} Bd7 {[%clk 1:22:05]} 11. Qd1 {[%clk 1:22:29]}
Na5 {[%clk 1:05:14]} 12. Be2 {[%clk 1:22:46]} Qc7 {[%clk 0:56:37]} 13. Na3 {[%clk
1:20:14]} Rd8 {[%clk 0:53:12]} 14. Bg5 {[%clk 1:19:05]} Be7 {[%clk 0:52:51]} 15.
Bxe7 {[%clk 1:15:28]} Kxe7 {[%clk 0:53:17]} 16. Qd2 {[%clk 1:15:53]} Qb6 {[%clk
0:51:53]} 17. Nb5 {[%clk 1:06:22]} Nd5 {[%clk 0:45:26]} 18. b4 {[%clk 1:04:27]}
Nc6 {[%clk 0:42:16]} 19. a4 {[%clk 1:04:44]} a5 {[%clk 0:36:25]} 20. bxa5 {[%clk
1:02:15]} Qxa5 {[%clk 0:36:40]} 21. Qg5+ {[%clk 1:00:23]} Kf8 {[%clk 0:37:04]}
22. Nd6 {[%clk 0:56:11]} Bc8 {[%clk 0:35:40]} 23. Rfc1 {[%clk 0:54:34]} h6 {[%clk
0:23:53]} 24. Qh4 {[%clk 0:53:38]} Kg8 {[%clk 0:21:09]} 25. Bb5 {[%clk 0:52:19]}
Nde7 {[%clk 0:17:53]} 26. Qf4 {[%clk 0:48:16]} Rf8 {[%clk 0:18:17]} 27. h4 {[%clk
0:48:17]} f5 {[%clk 0:16:15]} 28. exf6 {[%clk 0:48:13]} Rxf6 {[%clk 0:14:13]} 29.
Qe4 {[%clk 0:48:34]} Qd8 {[%clk 0:13:26]} 30. Nxc8 {[%clk 0:48:27]} Qxc8 {[%clk
0:13:33]} 31. a5 {[%clk 0:48:33]} g5 {[%clk 0:08:13]} 32. a6 {[%clk 0:48:45]} Rf4
{[%clk 0:08:39]} 33. axb7 {[%clk 0:48:51]} Qxb7 {[%clk 0:07:04]} 34. Qxe6+ {[%clk
0:49:05]} 1-0

[Event "Baku Chess Olympiad | Open"]
[Site "chess24.com"]
[Date "2016.09.12"]
[Round "10"]
[White "Escobar Forero, Alder"]
[Black "Atabayev, Saparmyrat"]
[Result "0-1"]
[Board "3"]
[WhiteID "4400801"]
[WhiteElo "2510"]
[WhiteTitle "GM"]
[WhiteCountry "COL"]
[WhiteFideId "4400801"]
[WhiteEloChange "-6"]
[BlackID "14000571"]
[BlackElo "2406"]
[BlackTitle "FM"]
[BlackCountry "TKM"]
[BlackFideId "14000571"]
[BlackEloChange "6"]

1. e4 {[%clk 1:30:56]} c5 {[%clk 1:30:57]} 2. Nf3 {[%clk 1:31:18]} d6 {[%clk
1:31:23]} 3. d4 {[%clk 1:31:42]} cxd4 {[%clk 1:31:51]} 4. Nxd4 {[%clk 1:32:05]}
Nf6 {[%clk 1:32:18]} 5. Nc3 {[%clk 1:32:27]} a6 {[%clk 1:32:44]} 6. Bg5 {[%clk
1:32:50]} Nbd7 {[%clk 1:33:03]} 7. Bc4 {[%clk 1:32:12]} Qc7 {[%clk 1:31:17]} 8.
Bb3 {[%clk 1:27:37]} e6 {[%clk 1:31:04]} 9. Qd2 {[%clk 1:27:15]} Nc5 {[%clk
1:29:24]} 10. f3 {[%clk 1:25:11]} Bd7 {[%clk 1:23:11]} 11. O-O-O {[%clk 1:21:19]}
Be7 {[%clk 1:22:34]} 12. Kb1 {[%clk 1:18:17]} b5 {[%clk 1:22:35]} 13. a3 {[%clk
1:17:29]} O-O {[%clk 1:22:25]} 14. g4 {[%clk 1:17:48]} Rfb8 {[%clk 1:22:13]} 15.
Rhg1 {[%clk 0:46:06]} a5 {[%clk 1:01:53]} 16. Nf5 {[%clk 0:25:12]} exf5 {[%clk
1:00:53]} 17. gxf5 {[%clk 0:25:16]} Nxb3 {[%clk 0:58:19]} 18. cxb3 {[%clk
0:24:06]} Kh8 {[%clk 0:57:23]} 19. Ne2 {[%clk 0:08:21]} Rc8 {[%clk 0:50:48]} 20.
Nf4 {[%clk 0:05:31]} Rg8 {[%clk 0:37:28]} 21. h4 {[%clk 0:03:01]} Bc6 {[%clk
0:35:20]} 22. Ka2 {[%clk 0:02:38]} b4 {[%clk 0:30:30]} 23. a4 {[%clk 0:02:22]}
Rac8 {[%clk 0:30:19]} 24. h5 {[%clk 0:02:23]} Ne8 {[%clk 0:22:57]} 25. Ng6+
{[%clk 0:01:09]} fxg6 {[%clk 0:23:15]} 26. hxg6 {[%clk 0:01:36]} Bxg5 {[%clk
0:20:57]} 27. Qxg5 {[%clk 0:01:37]} Rf8 {[%clk 0:18:28]} 28. Rc1 {[%clk 0:00:35]}
Qd7 {[%clk 0:18:15]} 29. Rc2 {[%clk 0:00:36]} h6 {[%clk 0:18:14]} 30. Rh2 {[%clk
0:00:37]} Kg8 {[%clk 0:18:39]} 31. Rgh1 {[%clk 0:00:59]} Bxa4 {[%clk 0:17:41]}
32. Qe3 {[%clk 0:00:31]} Bc6 {[%clk 0:17:41]} 0-1